• 首页
  • 本馆介绍
  • 公告通知
  • 最新文献
  • 馆藏检索
  • 电子资源
  • 读者导购
  • 参考咨询
  • 我的图书馆
  • 登录
  • 详细信息显示
  • 放入我的书架
  • 预约/预借图书
  • 作者相关作品
  • 分类相关作品
  • 丛书相关作品
  • 出版社相关作品

书目信息

  • 表格格式
  • 工作单格式
  • 卡片格式
题名:
组成论
    
 
作者: 张学文 著
分册:  
出版信息: 合肥   中国科技大学出版社  2003
页数: 16,256页
开本: 26cm
丛书名:
单 册:
中图分类: N03
科图分类:
主题词: 自然科学--科学研究--科学方法论
电子资源:
ISBN: 7-312-01640-5
000 00721nam0 2200229 45
001 010000003780
005 20051114153238.56
010    @a7-312-01640-5@dCNY35.00
092    @aCN
100    @a20040402d2003 ekmy0chiy0120 ea
101 0  @achi@deng
102    @aCN@b340000
105    @aak z 000yy
200 1  @a组成论@9zu cheng lun@f张学文著@Fzhang xue wen zhu
210    @a合肥@c中国科技大学出版社@d2003
215    @a16,256页@c图@d26cm
330    @a本书介绍了它在自然和社会科学中的许多应用,还提出了信息不可增殖不同形态的复杂程度的互相转化等重要论点。
606 0  @a自然科学@x科学研究@x科学方法论
690    @aN03@v4
701  0 @a张学文@Azhang xue wen@4著
801  0 @aCN@bTSSF@c20051114
905    @a10447@dN03@e120
    
    组成论/张学文著.-合肥:中国科技大学出版社,2003
    16,256页:图;26cm
    
    
    ISBN 7-312-01640-5:CNY35.00
    本书介绍了它在自然和社会科学中的许多应用,还提出了信息不可增殖不同形态的复杂程度的互相转化等重要论点。
●
相关链接 在E读中查询图书 在五车中查询图书 在当当中查询图书 在豆瓣中查询图书


正题名:组成论     索取号:N03/120         预约/预借

序号 登录号 条形码 馆藏地/架位号 状态 备注
1 0367154   203671543   第二样本阅览室/ [索取号:N03/120] 在馆    
2 0367155   203671552   第三借阅区/ [索取号:N03/120] 在馆    
3 0367156   203671561   第三借阅区/ [索取号:N03/120] 在馆    
4 0367157   203671570   第三借阅区/ [索取号:N03/120] 在馆    
5 0367158   203671589   第三借阅区/ [索取号:N03/120] 在馆    
6 0367159   203671598   第三借阅区/ [索取号:N03/120] 在馆    
唐山师范学院图书馆 欢迎您!
大连网信软件有限公司© 版权所有